| 000 | 00634cam a22002294a 4500 | ||
|---|---|---|---|
| 999 |
_c35502 _d35502 |
||
| 003 | AR-RgUNPA | ||
| 005 | 20260312082441.0 | ||
| 007 | ta | ||
| 008 | 050809s1984 ag gr|||| 001 0 spa | ||
| 015 | _aAR-1984 | ||
| 040 |
_aSIUNPA _bspa _cSIUNPA _eAACR2 |
||
| 044 |
_aag _car-c |
||
| 080 | _a821.134.2(82) B833p | ||
| 100 | 1 |
_aBrega, Jorge, _d1949- _e, autor |
|
| 245 | 1 | 0 |
_aPoemas de ausencia : _b1976-1983 _c/ Jorge Brega |
| 260 |
_aBuenos Aires : _bNudos, _c, 1984 |
||
| 300 |
_a55 p. _b: il. |
||
| 500 | _aEn portada: Manuel amigo -- Objetos y dibujos | ||
| 650 | _aLITERATURA ARGENTINA | ||
| 650 | _aPOESIA | ||
| 942 |
_2udc _cBK |
||